000 00530nam a2200193Ia 4500
003 SGT
020 _a9788120332966
082 _a536.7
_bSRI
100 _aSrivastava,R.C
245 _aThermodynamics
250 _a3rd Ed.
260 _bPHI Learning Private Limited
_aNew Delhi
_c2007
300 _a316p.
650 _aPHYSICS
653 _aMECHANICAL ENGINEERING,THE AND SCOPE OF THERMODYNAMICS,THE FIRST LAW OF THERMODYNAMICS,THE QUESTION OF IDEALITY
700 _aJain,Abhay K
700 _aSaha,Subit K
942 _2ddc
_cBK
999 _c5103
_d5103